MARC details
| 000 -CABECERA |
| campo de control de longitud fija |
01298nam a2200265 i 4500 |
| 003 - IDENTIFICADOR DEL NÚMERO DE CONTROL |
| campo de control |
DO-SdBNP |
| 005 - FECHA Y HORA DE LA ÚLTIMA TRANSACCIÓN |
| campo de control |
20260429123224.0 |
| 007 - CAMPO FIJO DE DESCRIPCIÓN FÍSICA--INFORMACIÓN GENERAL |
| campo de control de longitud fija |
ta |
| 008 - DATOS DE LONGITUD FIJA--INFORMACIÓN GENERAL |
| campo de control de longitud fija |
220915e2003 dr adc|gryt|| 001 0 spa d |
| 040 ## - FUENTE DE LA CATALOGACIÓN |
| Centro catalogador/agencia de origen |
DO-SdBNP |
| Lengua de catalogación |
spa |
| Centro/agencia transcriptor |
BNPHU |
| Normas de descripción |
rda |
| 082 #4 - NÚMERO DE LA CLASIFICACIÓN DECIMAL DEWEY |
| Número de documento/Ítem |
P273m |
| Número de clasificación |
22 |
| 245 10 - MENCIÓN DE TÍTULO |
| Título |
Memorias 2003 / |
| Mención de responsabilidad, etc. |
Pesentación, Miriam Díaz Santana |
| 264 ## - PRODUCCIÓN, PUBLICACIÓN, DISTRIBUCIÓN, FABRICACIÓN Y COPYRIGHT |
| Producción, publicación, distribución, fabricación y copyright |
Santo Domingo : |
| Nombre del de productor, editor, distribuidor, fabricante |
Mediabyte, |
| Fecha de producción, publicación, distribución, fabricación o copyright |
2003 |
| 300 ## - DESCRIPCIÓN FÍSICA |
| Extensión |
74 páginas : |
| Otras características físicas |
ilustraciones, gráficas., retratos. ; |
| Dimensiones |
28 cm. |
| 336 ## - TIPO DE CONTENIDO |
| Fuente |
rdacontent |
| Término de tipo de contenido |
texto |
| Código de tipo de contenido |
txt |
| 337 ## - TIPO DE MEDIO |
| Fuente |
rdamedia |
| Nombre/término del tipo de medio |
sin mediación |
| Código del tipo de medio |
n |
| 338 ## - TIPO DE SOPORTE |
| Fuente |
rdacarrier |
| Nombre/término del tipo de soporte |
volumen |
| Código del tipo de soporte |
nc |
| 505 ## - NOTA DE CONTENIDO CON FORMATO |
| Nota de contenido con formato |
Presentación. |
| Título |
Consejo Nacional.-- |
| -- |
Sistema Electoral y Sistema Político.-- |
| -- |
Fortalecimiento del Sistema Judicial y Derechos Ciudadanos.-- |
| -- |
Transparencia de la Gestión Públicas.-- |
| -- |
Sostenibilidad Financiera y Gestión Interna.-- |
| -- |
Fortalecimiento de la Participación de la membresía.-- |
| -- |
Áreas de Apoyo.-- |
| -- |
Informes de Comisiones.-- |
| -- |
Informe Financiero. |
| 590 ## - NOTA LOCAL (RLIN) |
| Nota local |
Inventariado 2024 / MF |
| 650 #4 - PUNTO DE ACCESO ADICIONAL DE MATERIA--TÉRMINO DE MATERIA |
| Término de materia o nombre geográfico como elemento de entrada |
Organizaciones sin ánimo de lucro |
| Subdivisión general |
Correspondencia, Memorias, etc. |
| 9 (RLIN) |
56956 |
| 650 20 - PUNTO DE ACCESO ADICIONAL DE MATERIA--TÉRMINO DE MATERIA |
| Término de materia o nombre geográfico como elemento de entrada |
Participación política |
| 9 (RLIN) |
456 |
| 651 #4 - PUNTO DE ACCESO ADICIONAL DE MATERIA--NOMBRE GEOGRÁFICO |
| Nombre geográfico |
Participación Ciudadana (República Dominicana) |
| Subdivisión general |
Correspondencia, Memorias, etc. |
| 9 (RLIN) |
85523 |
| 700 1# - PUNTO DE ACCESO ADICIONAL--NOMBRE DE PERSONA |
| 9 (RLIN) |
9620 |
| Nombre de persona |
Díaz Santana, Miriam, |
| Término indicativo de función/relación |
prólogo |
| 942 ## - ELEMENTOS DE PUNTO DE ACCESO ADICIONAL (KOHA) |
| Fuente del sistema de clasificación o colocación |
Dewey Decimal Classification |
| Tipo de ítem Koha |
Libro |